000 00298nam a2200109 4500
008 160622b xxu||||| |||| 00| 0 eng d
100 _9506
_aBuddee, P,
245 _aAie Patrol And The Secret Intrudess
260 _aRigby Ltd.
_c1973
300 _aAie Patrol And The Secret Intrudess
942 _2ddc
_cBK
999 _c419
_d419